| 000 | 00618nam a2200181Ia 4500 | ||
|---|---|---|---|
| 005 | 20260429112235.0 | ||
| 008 | 260429s9999||||xx |||||||||||||| ||und|| | ||
| 020 | _a9789348033638 | ||
| 041 | _aHindi | ||
| 082 |
_a294.664 _bDEV |
||
| 100 | _aदेव, आचार्य नरेंद्र | ||
| 245 | 0 |
_aबोध- धर्म- दर्शन / _cआचार्य नरेंद्र देव |
|
| 250 | _a1st ed. | ||
| 260 |
_aनई दिल्ली : _bप्रकाशन संस्थान, _c2025. |
||
| 300 | _a744 p.; Hb | ||
| 650 | _aवैदिक परंपरा | ||
| 942 | _cTB | ||
| 999 |
_c53067 _d53067 |
||